000 00465nam a2200181Ia 4500
003 GCL
008 140319s9999 xx 000 0 eng d
040 _aGCL /
_cGCL
082 0 4 _a615.58
_bE I
100 1 _aEDMUNDS, MARILYN
245 1 0 _aINTRODUCTION TO CLINICAL PHARMACOLOGY /
_cEDMUNDS, MARILYN
260 _a[S.N] :
_bMOSBY ،
_c1995
300 _a430 P
650 0 4 _aPHARMACOLOGY
650 0 4 _aDRUGS
650 0 4 _aCLINICAL PHARAMCOLOGY
942 _2ddc
_cBK
999 _c10304
_d10304